[Event "Saint Louis Spring-B"]
[Site "Saint Louis"]
[Date "2024.04.14"]
[Round "4"]
[White "Woodward, Andy"]
[Black "Chandra, Akshat"]
[Result "1-0"]
[WhiteElo "2515"]
[BlackElo "2489"]
[PlyCount "21"]
[EventDate "2024.04.11"]
[EventType "tourn"]
[EventRounds "9"]
[EventCountry "USA"]
[EventCategory "10"]
[SourceTitle "CB17_2024"]
[SourceDate "2024.04.24"]
[SourceVersion "1"]
[SourceVersionDate "2024.04.24"]
[SourceQuality "1"]

1. d4 Nf6 2. c4 e6 3. g3 d5 4. Bg2 Bb4+ 5. Bd2 a5 6. Nf3 0-0 7. Qb3 Be7 8. Nc3 c6 9. 0-0 Nbd7 10. Rfd1 Nb6 11. Ne5 1-0

[Event "Qatar Masters op"]
[Site "Doha"]
[Date "2023.10.18"]
[Round "7"]
[White "Ashraf, Artin"]
[Black "Chandra, Akshat"]
[Result "1/2-1/2"]
[WhiteElo "2340"]
[BlackElo "2486"]
[PlyCount "104"]
[EventDate "2023.10.11"]
[EventType "swiss"]
[EventRounds "9"]
[EventCountry "QAT"]
[SourceTitle "Mega2024 Update 01"]
[Source "Chessbase"]
[SourceDate "2023.11.12"]
[SourceVersion "1"]
[SourceVersionDate "2023.11.12"]
[SourceQuality "1"]

1. d4 Nf6 2. c4 e6 3. Nf3 b6 4. g3 Ba6 5. b3 Bb4+ 6. Bd2 Be7 7. Nc3 d5 8. cxd5 exd5 9. Bg2 0-0 10. 0-0 Nbd7 11. Ne5 Bb7 12. Rc1 Re8 13. Nb5 c5 14. Bf4 Nf8 15. dxc5 bxc5 16. Nc4 Ne6 17. Be5 Ng4 18. Bd6 Bc6 19. Bxe7 Rxe7 20. Nc3 Rd7 21. Nb2 Rc8 22. Nd3 Ba8 23. h3 Nf6 24. Ne5 Re7 25. e3 Bb7 26. Ng4 Nxg4 27. Qxg4 d4 28. Rfd1 Bxg2 29. Kxg2 Rd7 30. Ne4 Rd5 31. Qf3 Re5 32. h4 Rc7 33. Nd2 g6 34. Nc4 Rf5 35. Qe2 Rh5 36. Kg1 Re7 37. e4 f5 38. e5 Qd5 39. Nd2 f4 40. Re1 fxg3 41. fxg3 Kg7 42. Qe4 Qxe4 43. Rxe4 Rf5 44. Nc4 Rf3 45. Kg2 Ref7 46. Re2 Rf8 47. Rd2 Kh6 48. Rcc2 Kh5 49. Nd6 Re3 50. Nc4 Ref3 51. Nd6 Re3 52. Nc4 Ref3 1/2-1/2

[Event "US Masters op"]
[Site "Charlotte"]
[Date "2022.11.24"]
[Round "3"]
[White "Chandra, Akshat"]
[Black "Chen, Ryo"]
[Result "1-0"]
[WhiteElo "2472"]
[BlackElo "2269"]
[PlyCount "99"]
[EventDate "2022.11.23"]
[EventType "swiss"]
[EventRounds "9"]
[EventCountry "USA"]
[SourceTitle "CBM 211 Extra"]
[Source "ChessBase"]
[SourceDate "2023.01.31"]
[SourceVersion "1"]
[SourceVersionDate "2023.01.31"]
[SourceQuality "1"]

1. e4 c5 2. Nf3 d6 3. d4 cxd4 4. Nxd4 Nf6 5. Nc3 Nc6 6. Bg5 a6 7. Qd2 Qb6 8. Nb3 e6 9. 0-0-0 Qc7 10. Kb1 b5 11. f4 Be7 12. Bxf6 gxf6 13. g3 b4 14. Ne2 e5 15. g4 Bxg4 16. Rg1 Be6 17. Ng3 Qb6 18. Be2 a5 19. f5 Bd7 20. Bc4 a4 21. Nc1 Nd4 22. Qh6 Qc5 23. Bd3 a3 24. Nb3 Qa7 25. Bc4 Nf3 26. Bxf7+ Kd8 27. Bd5 Kc7 28. Rgf1 axb2 29. Nc5 dxc5 30. Rxf3 Bb5 31. Qg7 Kb6 32. Bxa8 Rxa8 33. Qf7 Qa6 34. Qe6+ Bc6 35. Qb3 c4 36. Qxb2 Qb5 37. c3 Ra3 38. Rd2 b3 39. Qc1 Bc5 40. Rb2 Kc7 41. h4 Qb7 42. Qf1 Qa6 43. Qe2 Bb5 44. Nf1 Qa8 45. Rg3 Kb6 46. Rg7 Qa5 47. Ne3 Ka6 48. Nd5 Bd6 49. Qf2 bxa2+ 50. Ka1 1-0

[Event "Saint Louis Fall-B"]
[Site "Saint Louis"]
[Date "2022.11.06"]
[Round "5"]
[White "Chandra, Akshat"]
[Black "Mikaelyan, Arman"]
[Result "1-0"]
[WhiteElo "2472"]
[BlackElo "2556"]
[PlyCount "74"]
[EventDate "2022.11.02"]
[EventType "tourn"]
[EventRounds "9"]
[EventCountry "USA"]
[EventCategory "13"]
[SourceTitle "CBM 211 Extra"]
[Source "ChessBase"]
[SourceDate "2023.01.31"]
[SourceVersion "1"]
[SourceVersionDate "2023.01.31"]
[SourceQuality "1"]

1. e4 e5 2. Nf3 Nc6 3. Bc4 Nf6 4. d3 Bc5 5. c3 0-0 6. Bg5 h6 7. Bh4 Be7 8. Nbd2 d6 9. a4 Nh5 10. g3 Nf6 11. Bxf6 Bxf6 12. h4 Ne7 13. Nh2 d5 14. Bb3 Qd7 15. Qf3 c6 16. 0-0 Rd8 17. Rfd1 a5 18. Ndf1 d4 19. Qh5 Qe8 20. Nf3 dxc3 21. bxc3 Kh7 22. Qxf7 Qxf7 23. Bxf7 g6 24. Ne3 b5 25. Kg2 h5 26. Bb3 Ra7 27. d4 exd4 28. cxd4 Bg4 29. e5 Bxf3+ 30. Kxf3 Bg7 31. Ke4 Nc8 32. Rac1 Ra6 33. f4 Rb6 34. f5 gxf5+ 35. Nxf5 Bf8 36. axb5 cxb5 37. Rc7+ Kh8 1-0

[Event "Saint Louis 1000 GM 2nd"]
[Site "Saint Louis"]
[Date "2022.09.23"]
[Round "5"]
[White "Stearman, Josiah P"]
[Black "Chandra, Akshat"]
[Result "0-1"]
[WhiteElo "2387"]
[BlackElo "2471"]
[PlyCount "60"]
[EventDate "2022.09.21"]
[EventType "tourn"]
[EventRounds "9"]
[EventCountry "USA"]
[EventCategory "6"]
[SourceTitle "CBM 210 Extra"]
[Source "ChessBase"]
[SourceDate "2022.11.30"]
[SourceVersion "1"]
[SourceVersionDate "2022.11.30"]
[SourceQuality "1"]

1. c4 e5 2. Nc3 Nf6 3. Nf3 Nc6 4. e4 d6 5. h3 g6 6. d4 exd4 7. Nxd4 Bg7 8. Nxc6 bxc6 9. Bd3 0-0 10. 0-0 Nd7 11. Be3 Nc5 12. Bxc5 dxc5 13. Qc2 Qh4 14. Rfe1 Bd4 15. e5 Qg5 16. Be4 Bxh3 17. Bxc6 Rad8 18. Nb5 Be6 19. Qe2 Bg4 20. Bf3 Bxf3 21. Qxf3 Bxb2 22. Rad1 Bxe5 23. Rxd8 Rxd8 24. Nxa7 Rd2 25. Nc6 Bd4 26. Re8+ Kg7 27. Re7 Qf6 28. Nxd4 Qxe7 29. Nc6 Qe1+ 30. Kh2 Rxf2 0-1

[Event "Saint Louis 1000 GM 2nd"]
[Site "Saint Louis"]
[Date "2022.09.22"]
[Round "2"]
[White "Chandra, Akshat"]
[Black "Kretchetov, Alexandre"]
[Result "1/2-1/2"]
[WhiteElo "2471"]
[BlackElo "2144"]
[PlyCount "113"]
[EventDate "2022.09.21"]
[EventType "tourn"]
[EventRounds "9"]
[EventCountry "USA"]
[EventCategory "6"]
[SourceTitle "CBM 210 Extra"]
[Source "ChessBase"]
[SourceDate "2022.11.30"]
[SourceVersion "1"]
[SourceVersionDate "2022.11.30"]
[SourceQuality "1"]

1. d4 d5 2. Nf3 Nf6 3. Bf4 e6 4. e3 Bd6 5. Nbd2 0-0 6. c3 c5 7. Bd3 Bxf4 8. exf4 cxd4 9. Nxd4 Nc6 10. N2f3 Nxd4 11. Nxd4 Qc7 12. g3 e5 13. fxe5 Qxe5+ 14. Qe2 Qg5 15. h4 Qh6 16. 0-0 Bg4 17. Qc2 Qh5 18. Rfe1 Rae8 19. Bf1 h6 20. Bg2 g5 21. hxg5 hxg5 22. f3 Bd7 23. g4 Qh6 24. Bf1 a6 25. Bd3 Qh3 26. Qh2 Bxg4 27. Qxh3 Bxh3 28. Kh2 Bd7 29. Rg1 g4 30. fxg4 Re3 31. Bf5 Bxf5 32. gxf5+ Kh8 33. Rg3 Rxg3 34. Kxg3 Re8 35. a4 Kg7 36. Kf4 Re4+ 37. Kf3 Nd7 38. Rd1 Kf6 39. Rh1 Ne5+ 40. Kg3 Nc6 41. Nxc6 bxc6 42. Rh6+ Kxf5 43. Rxc6 Rxa4 44. Kf3 Ke5 45. Ke3 Ra5 46. b4 Ra3 47. Kd3 a5 48. bxa5 Rxa5 49. Rc8 Ra6 50. Ke3 Re6 51. Rf8 f5 52. Rc8 Rh6 53. Re8+ Re6 54. Rc8 Ra6 55. Re8+ Kd6 56. Rf8 Ra3 57. Rxf5 1/2-1/2

[Event "Saint Louis 1000 GM 1st"]
[Site "Saint Louis"]
[Date "2022.07.22"]
[Round "8"]
[White "Abrahamyan, Tatev"]
[Black "Chandra, Akshat"]
[Result "0-1"]
[WhiteElo "2291"]
[BlackElo "2485"]
[PlyCount "76"]
[EventDate "2022.07.19"]
[EventType "tourn"]
[EventRounds "9"]
[EventCountry "USA"]
[EventCategory "6"]
[SourceTitle "CBM 209 Extra"]
[Source "ChessBase"]
[SourceDate "2022.09.30"]
[SourceVersion "1"]
[SourceVersionDate "2022.09.30"]
[SourceQuality "1"]

1. e4 c5 2. Nf3 Nc6 3. d4 cxd4 4. Nxd4 Nf6 5. Nc3 d6 6. Bc4 Qb6 7. Nb3 e6 8. Be3 Qc7 9. Be2 a6 10. f4 b5 11. a3 Bb7 12. 0-0 Be7 13. g4 h6 14. Rf2 b4 15. axb4 Nxb4 16. Bf3 d5 17. e5 Ne4 18. Bxe4 dxe4 19. Qd4 0-0 20. Na5 Nc6 21. Qc4 Rfc8 22. Nxc6 Qxc6 23. Qxc6 Bxc6 24. Na4 Rab8 25. Nb6 Rd8 26. Rff1 f5 27. Rfc1 g5 28. Nc4 gxf4 29. Bxf4 Bc5+ 30. Kg2 e3+ 31. Kg3 Rd4 32. b3 e2 33. Re1 fxg4 34. Rxa6 Bf3 35. Rxe6 Bb4 36. Nd2 Rxf4 37. Nxf3 Rxf3+ 38. Kxg4 Rf2 0-1